| 000 | 00314nam a22001217a 4500 | ||
|---|---|---|---|
| 082 | _a629.287 CRO'A | ||
| 100 |
_aCROUSE, WILLAIM H _958689 |
||
| 245 | _aAUTOMOTIVE SERVICE AND TROUBLESHOOTING WORKBOOK | ||
| 260 |
_aNEWYORK _bMCGRAW HILL _c1951 |
||
| 300 | _aV, 136P | ||
| 650 |
_a ACC NO-2949 _958690 |
||
| 942 | _cBK | ||
| 999 |
_c568829 _d568829 |
||